01073cam a22002535a 450000100100000000500170001000800410002702000180006802000150008604000370010104300300013808200230016810000230019124500850021426000490029930000260034850400510037459001890042565000390061465300230065394200080067699900170068495201180070101026234520180228133702.0040420t1971 mau frb 001 0 eng d a9780673394125 a0673394123 aDLCcDLCdDLCdUkdEG-ScBUEbeng an-us---ae-ur---anwcu---04222a327.73047bALL1 aAllison, Graham T.10aEssence of decision :bexplaining the Cuban missile crisis /cGraham T. Allison. aBoston :bHarper Collins Publishers,cc.1971 axii, 338 p. ;c21 cm. aIncludes bibliographical references and index. a"Written under the auspices of the Faculty Seminar on Bureaucracy, Politics, and Policy of the Institute of Politics, John Fitzgerald Kennedy School of Government, Harvard University." 7aCuban Missile Crisis, 1962.2BUEsh bGGENcFebruary2018 2ddc c26209d26181 00102ddc4070aMAINbMAINc1STd2018-02-28l1m1o327.73047 ALLp000047314r2025-07-15 00:00:00s2018-12-23yBB